000 00347nam a2200121 4500
999 _c13717
_d13717
008 190402b ||||| |||| 00| 0 eng d
100 _938133
_aYap, Tara
245 _aPolice chiefs in western visayas reshuffled/
_cTara Yap
260 _aPhilippines:
_bManila Bulletin
_cc2018.
300 _apage 10.
650 0 _938134
_aPolice.
942 _2ddc
_cPER